| 000 | 00498nam a22001931a 4500 | ||
|---|---|---|---|
| 001 | 3208 | ||
| 003 | OSt | ||
| 005 | 20260204211842.0 | ||
| 008 | 040720s1999||||sp ||||||b||||||||||spa|| | ||
| 020 | _a848055262x | ||
| 050 | _aR 370.3 D547p | ||
| 082 | _aR 370 D547p | ||
| 245 | _aDiccionario de pedagogía y psicología / Fernando Canda Moreno | ||
| 264 | _aEspaña : Cultural | ||
| 300 | _a376 p | ||
| 650 | _a1.Educación - Diccionario | ||
| 700 | _aCanda Moreno, FernandoÌ | ||
| 942 |
_2ddc _cBK |
||
| 999 |
_c3208 _d3208 |
||